=LDR 00000nam 2200000 4500 =001 INLIS000000000012522 =005 20130612104033 =008 ***********************************Ind** =035 ##$$0010-061300000012522 =041 ##$$a Ind =082 ##$$a 418 =090 ##$$a 418, Adi r =100 ##$$a Adidarmojo, Gunawan Wibisono =245 ##$$a Renda - renda bahasa, Gunawan Wibisono Adidarmojo =260 ##$$a 1989 $b Bandung =300 ##$$a 165 hlm., 21 cm =650 ##$$a Bahasa Indonesia Baku =850 ##$$a NBPNMAT